Statistics for Top 15 Battles of the Clones Wars

Click here to take the quiz!

General Stats

  • This quiz has been taken 342 times
    (269 since last reset)
  • The average score is 7 of 15

Answer Stats

HintAnswer% Correct
2) start of the clone warsGeonosis
85%
15) twi'lek peopleRyloth
83%
5) wookiesKashyyyk
79%
14) ahsoka is introduced hereChristophsis
68%
4) greivous diesUtapau
68%
7) kidnapping of palpatineCoruscant
65%
1) shadow peopleUmbara
64%
12) ki adi mundi diesMygeeto
45%
3) jabba's sonTeth
33%
11) ahsoka's ground fleet is destroyedFelucia
31%
13) eeth koth is capturedSaleucami
29%
10) tup malfunctionsRingo Vinda
27%
9) the citadelLola Sayu
20%
8) poggle the lesser is capturedSecond Battle of Geonosis
15%
6) gregor's last known battleSarrish
9%

Score Distribution

Percentile by Number Answered

Percent of People with Each Score

Your Score History

You have not taken this quiz since the last reset